| 000 | 00523nam a22001931a 4500 | ||
|---|---|---|---|
| 003 | NEGST | ||
| 005 | 20170411020004.0 | ||
| 008 | 030627s1995 miu 001 0 eng d | ||
| 020 | _a0801052726 | ||
| 100 | 1 |
_aGregory, John Milton, _d1822 - 1898. |
|
| 245 | 1 | 4 |
_aThe 7 (seven) laws of teaching / _cJohn Milton Gregory. _h[Text] |
| 250 | _arev. ed. | ||
| 260 |
_aGrand Rapids, Mich. _bBaker Books _c1995 |
||
| 300 | _a128p.; | ||
| 590 | _aAccession number: 22169 | ||
| 650 | 0 | _aTeaching. | |
| 942 | 0 | 0 | _013 |
| 999 |
_c35007 _d35007 |
||